000 00651nam a22002417a 4500
003 UA-OsUOA
001 125979
007 ta
008 20171004b un ||||| |||| 00| 0 ukr d
100 _aКоновець О.
090 _a94(477):37
_bК64
942 _cBK
040 _aUA-OsUOA
_bukr
_cUA-OsUOA
_dUA-OsUOA
245 _aУкраїнський ідеал
_bісторичні нариси
300 _a196 с.
955 _a1
041 _aukr
080 _a94(477):37
020 _a966-7551-91-1
260 _aК.
_bПросвіта
_c2003
650 7 _a9 Географія. Біографії. Історія
_2UDC
999 _c413229
_d413229